Život, pravda, symbol /

Guardado en:
Detalles Bibliográficos
Autor principal: Ricoeur, Paul (Autor)
Formato: Libro
Lenguaje:checo
Publicado: Praha : ISE, 1993
Edición:2.upr.vyd.
Materias:
Etiquetas: Agregar Etiqueta
Sin Etiquetas, Sea el primero en etiquetar este registro!

MARC

LEADER 00000nam a22000003a 4500
001 stu7125
005 20150617225809.4
008 941121s1993----xr------------------cze-d
020 |a 80-85241-32-3 
040 |a STU  |b slo 
041 0 |a cze 
044 |a xr 
080 |a 141.5 
080 |a 17 
100 1 |a Ricoeur, Paul  |4 aut 
245 1 |a Život, pravda, symbol /  |c [aut.] Ricoeur,Paul 
250 |a 2.upr.vyd. 
260 |a Praha :  |b ISE,  |c 1993 
300 |a 255 s 
650 7 |a filozofia  |2 stusub 
650 7 |a etika  |2 stusub 
650 7 |a morálka  |2 stusub 
996 |b E79320  |c R*79320  |l RRUM  |s A  |a 24  |w stu7125_0001